[Event "Championnat de France des Jeunes - Pupi"]
[Site "TROYES"]
[Date "2010.04.17"]
[Round "8.8"]
[White "Vigna, Leo"]
[Black "Clerc, Gabriel"]
[Result "0-1"]
[WhiteElo "1760"]
[BlackElo "1560"]
[PlyCount "132"]

1. e4 e6 2. d4 d5 3. e5 c5 4. c3 Qb6 5. Nf3 Nc6 6. Na3 cxd4 7. cxd4 Bb4+ 8. Bd2
Bxd2+ 9. Qxd2 Nge7 10. b3 Nf5 11. Nc2 Bd7 12. Be2 Rc8 13. O-O O-O 14. Rfd1 Rc7
15. Bd3 Nce7 16. Qg5 Rfc8 17. Rac1 Bb5 18. Bxf5 Nxf5 19. Qd2 Qa6 20. Nb4 Qa5
21. Rxc7 Rxc7 22. a4 Be2 23. Re1 Bxf3 24. gxf3 h6 25. Kg2 Nh4+ 26. Kg3 Nf5+ 27.
Kg4 Rc6 28. Rd1 Rb6 29. Nc2 Qxd2 30. Rxd2 Rxb3 31. Ne3 Nxe3+ 32. fxe3 Rxe3 33.
Rb2 Rd3 34. Rb4 a5 35. Rxb7 Rxd4+ 36. f4 Rxa4 37. Rb8+ Kh7 38. Rb7 h5+ 39. Kg5
Ra2 40. h3 d4 41. Rxf7 d3 42. f5 exf5 43. Rd7 Rd2 44. e6 Re2 45. e7 d2 46. Kxf5
Rxe7 47. Rxd2 Ra7 48. Kg5 g6 49. Kf6 a4 50. Ra2 a3 51. Ke5 Ra5+ 52. Kf6 g5 53.
Kf7 Ra6 54. Ke7 g4 55. hxg4 hxg4 56. Kd7 g3 57. Kc7 g2 58. Rxg2 a2 59. Rh2+ Kg6
60. Rg2+ Kf5 61. Rf2+ Ke4 62. Re2+ Kd3 63. Rh2 a1=Q 64. Rh3+ Ke2 65. Rh2+ Kf3
66. Rh3+ Kg2 0-1

[Event "Championnat de France des Jeunes - Pupi"]
[Site "TROYES"]
[Date "2010.04.17"]
[Round "8.9"]
[White "Grezels, Florian"]
[Black "Bourgery, William"]
[Result "1-0"]
[WhiteElo "1874"]
[BlackElo "1586"]
[PlyCount "97"]

1. e4 e6 2. d4 d5 3. Nc3 dxe4 4. Nxe4 Nd7 5. Nf3 Ngf6 6. Nxf6+ Nxf6 7. Bd3 Bd7
8. O-O Be7 9. Bg5 Bc6 10. c3 O-O 11. Ne5 Qd5 12. Nxc6 Qxc6 13. Qc2 h6 14. Bxf6
Bxf6 15. Be4 Qb6 16. Rfe1 Rad8 17. Qb3 Rd6 18. Bxb7 Rb8 19. Be4 Qxb3 20. axb3
Rxb3 21. Rxa7 Rxb2 22. Rxc7 g5 23. Ra1 Re2 24. Bf3 Rc2 25. Bh5 Bd8 26. Rc8 Kf8
27. g3 Ke7 28. Rc4 f5 29. Kf1 Rd7 30. Re1 Ba5 31. Re3 Rb7 32. Rc6 Kf8 33. Rcxe6
Rc7 34. d5 R2xc3 35. Rxc3 Bxc3 36. d6 Rd7 37. Re8+ Kg7 38. Re7+ Kf6 39. Rxd7 g4
40. Rf7+ Ke6 41. d7 Ba5 42. Ke2 Bb6 43. Kd3 Ba5 44. Kc4 Bd8 45. Kb5 Bc7 46. Kc6
Ba5 47. Kb7 f4 48. Kc8 fxg3 49. fxg3 1-0

[Event "Championnat de France des Jeunes - Pupi"]
[Site "TROYES"]
[Date "2010.04.17"]
[Round "8.10"]
[White "O'Sullivan, Nicolas"]
[Black "Delpierre, Elie"]
[Result "0-1"]
[WhiteElo "1780"]
[BlackElo "1685"]
[PlyCount "102"]

1. d4 d5 2. c4 c6 3. Nf3 Nf6 4. Nc3 dxc4 5. a4 Bf5 6. Bg5 Nbd7 7. e3 Qb6 8. Qc1
e6 9. Bxc4 Bb4 10. O-O O-O 11. h3 h6 12. Bh4 Ne4 13. Nxe4 Bxe4 14. Nd2 Bg6 15.
Nf3 Be4 16. Nd2 Bd5 17. Bd3 f5 18. Nc4 Qc7 19. Bg3 Qd8 20. Ne5 Nxe5 21. Bxe5
Bd6 22. f4 Bxe5 23. fxe5 Qg5 24. Qd2 Rad8 25. Rac1 Bxg2 26. Rf2 Bxh3+ 27. Kh1
Qh5 28. Rh2 Qf3+ 29. Kg1 Qg3+ 30. Kh1 Bg4 31. Be2 Bf3+ 32. Bxf3 Qxf3+ 33. Kg1
g5 34. Rf1 Qg4+ 35. Rg2 Qh5 36. Rh2 Qg6 37. Qc2 g4 38. Kg2 Kg7 39. Rf4 h5 40.
Qc5 Qf7 41. e4 Kg6 42. Kg3 Qd7 43. exf5+ Rxf5 44. Qc1 Rdf8 45. Qc2 Kg7 46. Rxf5
Rxf5 47. Rd2 Qd5 48. Kh2 Qf3 49. Rg2 Qh3+ 50. Kg1 Qe3+ 51. Kh2 Qxd4 0-1

[Event "Championnat de France des Jeunes - Pupi"]
[Site "CHAMPIONNAT DE FRANCE PUPILLE"]
[Date "2010.04.17"]
[Round "8.1"]
[White "Auvray, Honorine"]
[Black "Joudelat, Noemie"]
[Result "1/2-1/2"]
[WhiteElo "1713"]
[BlackElo "1763"]
[PlyCount "0"]

1. e4 c5 2. Nf3 Nc6 3. d4 cxd4 4. Nxd4 g6 5. c4 Bg7 6. Be3 Nf6 7. Nc3 O-O 8.
Be2 b6 9. Qd2 Bb7 10. Nxc6 Bxc6 11. f3 e6 12. Bg5 Qc7 13. Bf4 Qb7 14. Bd6 Rfd8
15. O-O Ne8 16. e5 Nxd6 17. exd6 a6 18. Rac1 Rac8 19. b3 Be5 20. Rfd1 Qa7 21.
Kh1 Rb8 22. Qe3 Bg7 23. Bf1 Qa8 24. Re1 Qb7 25. Ne4 Bxe4 26. Qxe4 Qc6 27. Qxc6
dxc6 28. c5 bxc5 29. Rxc5 Rxd6 30. Rec1 Rb6 31. Ra5 Bh6 32. Rb1 Rd5 33. Rxa6
Rxa6 34. Bxa6 Ra5 35. Bb7 Rxa2 36. Bxc6 Ra6 37. Bb5 Rb6 38. Bc4 Be3 39. g3 Kf8
40. Kg2 Ke7 41. Rd1 Bc5 42. f4 Rb7 43. Kf3 Ra7 44. h3 Ra2 45. g4 Rf2+ 46. Kg3
Rc2 47. Rd3 Bf2+ 48. Kf3 Be1 49. Re3 Bf2 50. Re2 Rxe2 51. Kxe2 Bc5 52. h4 Bd6
53. Kf3 Kd7 54. Bd3 Kc6 55. h5 Kc5 56. Bc4 gxh5 57. gxh5 h6 58. Ke4 f5+ 59. Ke3
e5 60. fxe5 Bxe5 61. Kf3 Bd6 62. Be6 f4 63. Ke4 Bc7 64. Bc4 Bd6 65. Kf5 f3 66.
Kg6 Bf4 67. Bf7 f2 68. Bc4 Kb4 69. Kf5 Bd2 70. Kg6 Kc5 71. Kf5 Kd4 72. Kg6 Ke4
73. b4 Bxb4 74. Kxh6 Bd2+ 75. Kg6 Kd4 1/2-1/2

[Event "Championnat de France des Jeunes - Pupi"]
[Site "CHAMPIONNAT DE FRANCE PUPILLE"]
[Date "2010.04.17"]
[Round "8.2"]
[White "Imperor, Lorene"]
[Black "Banat, Rizlene"]
[Result "1-0"]
[WhiteElo "1633"]
[BlackElo "1608"]
[PlyCount "109"]

1. d4 d6 2. c4 e5 3. dxe5 dxe5 4. Qxd8+ Kxd8 5. e4 c6 6. Nf3 f6 7. Be3 Kc7 8.
Be2 Be6 9. O-O Nd7 10. Nc3 Nb6 11. Nd2 g6 12. f4 Bh6 13. c5 Nd7 14. b4 Ne7 15.
Bc4 Bxc4 16. Nxc4 exf4 17. Bxf4+ Bxf4 18. Rxf4 Rhf8 19. Raf1 f5 20. Ne2 fxe4
21. Nd4 Rxf4 22. Ne6+ Kb8 23. Rxf4 b5 24. Nd6 Nf5 25. g4 Nxd6 26. cxd6 a5 27.
Rf7 Ra7 28. bxa5 b4 29. Rxh7 e3 30. Kf1 e2+ 31. Kxe2 Rxa5 32. Rh8+ Kb7 33. Kf3
Rd5 34. Nd8+ Kb6 35. Nf7 Kc5 36. h4 Rd3+ 37. Kf4 Rd5 38. Rg8 Nf6 39. Rxg6 Rd4+
40. Kf5 Ne8 41. h5 Rd2 42. h6 Nxd6+ 43. Rxd6 Rxa2 44. h7 Rh2 45. Rh6 Rxh6 46.
Nxh6 b3 47. h8=Q Kb4 48. Qd4+ Kb5 49. Qb2 Ka4 50. Ke4 c5 51. Kd3 Kb4 52. Qc3+
Ka4 53. Kc4 b2 54. Qb3+ Ka5 55. Qb5# 1-0

[Event "Championnat de France des Jeunes - Pupi"]
[Site "CHAMPIONNAT DE FRANCE PUPILLE"]
[Date "2010.04.17"]
[Round "8.3"]
[White "Dory, Manon"]
[Black "Malassagne, Isabelle"]
[Result "0-1"]
[WhiteElo "1604"]
[BlackElo "1680"]
[PlyCount "96"]

1. e4 c5 2. Nf3 Nc6 3. d4 cxd4 4. Nxd4 d6 5. c4 g6 6. Nc3 Bg7 7. Be3 Nf6 8. Be2
O-O 9. O-O Bd7 10. Qd2 Rc8 11. Rac1 a6 12. f3 Ne5 13. b3 Re8 14. Rfd1 Rb8 15.
Nc2 Qc7 16. Nb4 Be6 17. Nbd5 Bxd5 18. Nxd5 Nxd5 19. cxd5 Qd8 20. Rc2 Rc8 21.
Rdc1 Rxc2 22. Qxc2 Qa5 23. Qd2 Qd8 24. Qc2 Qa5 25. a4 b5 26. Qd2 Qxd2 27. Bxd2
bxa4 28. bxa4 a5 29. Rc7 h5 30. Ra7 Nxf3+ 31. gxf3 Bd4+ 32. Kf1 Bxa7 33. Bb5
Rc8 34. Bxa5 Rc2 35. Be1 Rxh2 36. Bg3 Ra2 37. f4 Kg7 38. Bd7 f6 39. e5 dxe5 40.
fxe5 fxe5 41. Bxe5+ Kh6 42. Bc7 Rb2 43. Bb5 g5 44. Be5 Ra2 45. Bc3 Bc5 46. a5
g4 47. Ke1 g3 48. Bd2+ Rxd2 0-1

[Event "Championnat de France des Jeunes - Pupi"]
[Site "CHAMPIONNAT DE FRANCE PUPILLE"]
[Date "2010.04.17"]
[Round "8.4"]
[White "Quelennec, Amelie"]
[Black "Broly, Marine"]
[Result "1/2-1/2"]
[WhiteElo "1530"]
[BlackElo "1590"]
[PlyCount "86"]

1. b3 e5 2. Bb2 Nc6 3. e3 d5 4. Bb5 e4 5. Ne2 Qg5 6. Ng3 h5 7. h4 Qg6 8. Nc3
Nge7 9. Be2 Bg4 10. Rg1 Bxe2 11. Ngxe2 O-O-O 12. Nf4 Qf6 13. Rh1 Qf5 14. Nce2
Qg4 15. Ng3 Qxd1+ 16. Kxd1 f6 17. Nfxh5 Ng6 18. Ke2 Rh7 19. f3 exf3+ 20. gxf3
Bd6 21. f4 Re8 22. Kf2 Reh8 23. Nxg7 Rxg7 24. Bxf6 Rgh7 25. Bxh8 Rxh8 26. h5
Nge7 27. Rh3 Kd7 28. c3 Ke8 29. Rah1 Rh6 30. Rh4 Kf7 31. Rg4 a6 32. Rg5 Nd8 33.
Nf5 Nxf5 34. Rxf5+ Ke6 35. Rg5 c6 36. d4 Kf6 37. Rhg1 Ne6 38. Rg6+ Rxg6 39.
hxg6 Ng7 40. Kf3 Nh5 41. Rg5 Ng7 42. e4 dxe4+ 43. Kxe4 Bxf4 1/2-1/2

[Event "Championnat de France des Jeunes - Pupi"]
[Site "CHAMPIONNAT DE FRANCE PUPILLE"]
[Date "2010.04.17"]
[Round "8.5"]
[White "Duval, Claire"]
[Black "Bellahcene, Anissa"]
[Result "1-0"]
[WhiteElo "1750"]
[BlackElo "1350"]
[PlyCount "87"]

1. d4 d5 2. c4 e6 3. Nc3 Nf6 4. Nf3 Nbd7 5. Bg5 Be7 6. e3 O-O 7. Bd3 b6 8. cxd5
exd5 9. O-O Bb7 10. Rc1 Ne4 11. Bxe7 Qxe7 12. Nd2 Ndf6 13. Ndxe4 Nxe4 14. Nxe4
dxe4 15. Bb1 Rfd8 16. Qc2 Rac8 17. Rfd1 c5 18. Qe2 cxd4 19. Rxc8 Rxc8 20. Rxd4
Kf8 21. Qd2 Qc7 22. h3 Qc1+ 23. Qd1 Ke7 24. Kh2 Qc7+ 25. g3 Rd8 26. Rxd8 Qxd8
27. Qxd8+ Kxd8 28. g4 Ke7 29. Kg3 Ke6 30. Kf4 Kf6 31. Bxe4 Bxe4 32. Kxe4 Ke6
33. f4 Kd6 34. Kd4 Ke6 35. f5+ Kf6 36. e4 Ke7 37. Ke5 f6+ 38. Kd5 Kd7 39. e5
fxe5 40. Kxe5 Ke7 41. g5 Kf7 42. Kd6 h6 43. h4 hxg5 44. hxg5 1-0

[Event "Championnat de France des Jeunes - Pupi"]
[Site "CHAMPIONNAT DE FRANCE PUPILLE"]
[Date "2010.04.17"]
[Round "8.6"]
[White "Baldi, Valentine"]
[Black "Clement, Charlene"]
[Result "1-0"]
[WhiteElo "1635"]
[BlackElo "1240"]
[PlyCount "133"]

1. d4 d5 2. c4 e6 3. Nc3 Nf6 4. Nf3 Nbd7 5. e3 a6 6. Bd3 dxc4 7. Bxc4 b5 8. Bd3
Be7 9. O-O O-O 10. e4 c5 11. e5 Nd5 12. Nxd5 exd5 13. dxc5 Nxc5 14. Be3 Bb7 15.
Bxc5 Bxc5 16. Rc1 Qe7 17. Qe2 Rac8 18. Bf5 Rc6 19. Rfd1 f6 20. Qd3 fxe5 21.
Qxd5+ Kh8 22. Qxe5 Qxe5 23. Nxe5 Bxf2+ 24. Kxf2 Rxf5+ 25. Kg3 Rcf6 26. Rd8+ Rf8
27. Rxf8+ Rxf8 28. Rc7 Bd5 29. a3 h6 30. Ng6+ Kg8 31. Nxf8 Kxf8 32. Ra7 Bc4 33.
Rxa6 b4 34. Ra8+ Kf7 35. axb4 g5 36. Rb8 Ke7 37. Kg4 Bd5 38. g3 Kf6 39. b5 Kg6
40. b6 Be6+ 41. Kf3 Kh5 42. b7 Bd5+ 43. Ke3 Kg4 44. Rh8 Bxb7 45. Rxh6 Bg2 46.
h4 Bb7 47. hxg5 Kxg5 48. Rh8 Kg4 49. Rg8+ Kh5 50. g4+ Kh6 51. g5+ Kh5 52. Kf4
Bd5 53. Rg7 Bb3 54. Kf5 Bc2+ 55. Ke5 Bb3 56. Kd4 Bc2 57. b4 Bg6 58. Rxg6 Kxg6
59. b5 Kxg5 60. b6 Kf5 61. b7 Ke6 62. b8=Q Kf5 63. Qe5+ Kg4 64. Ke4 Kh4 65. Qg7
Kh3 66. Kf3 Kh4 67. Qg4# 1-0

[Event "Championnat de France des Jeunes - Pupi"]
[Site "CHAMPIONNAT DE FRANCE PUPILLE"]
[Date "2010.04.17"]
[Round "8.7"]
[White "Le Berre, Audrey"]
[Black "Terrazzoni, Claire"]
[Result "0-1"]
[WhiteElo "1480"]
[BlackElo "1530"]
[PlyCount "58"]

1. c4 e5 2. g3 Nf6 3. Bg2 c6 4. Nf3 e4 5. Ng5 d5 6. Qc2 Be7 7. d3 h6 8. Nh3 Bf5
9. Nc3 exd3 10. exd3 dxc4 11. Nf4 cxd3 12. Qd2 O-O 13. O-O Qd6 14. Re1 Nbd7 15.
b3 Bd8 16. Bb2 Bb6 17. a4 Rfe8 18. h3 Nc5 19. Qd1 Rxe1+ 20. Qxe1 Nxb3 21. Rd1
d2 22. Rxd2 Nxd2 23. Qd1 Nde4 24. Bxe4 Qxd1+ 25. Nxd1 Nxe4 26. g4 Rd8 27. Nc3
Nxc3 28. Bxc3 Bc2 29. a5 Bc7 0-1

[Event "Championnat de France des Jeunes - Pupi"]
[Site "CHAMPIONNAT DE FRANCE PUPILLE"]
[Date "2010.04.17"]
[Round "8.8"]
[White "Nicolas, Gabrielle"]
[Black "Thomas, Apolline"]
[Result "0-1"]
[WhiteElo "1420"]
[BlackElo "1600"]
[PlyCount "140"]

1. d4 d5 2. Nf3 c5 3. c3 Nc6 4. e3 Bg4 5. Nbd2 e6 6. Bb5 cxd4 7. exd4 Nf6 8.
O-O Bd6 9. b3 O-O 10. Bb2 Qc7 11. h3 Bh5 12. Re1 a6 13. Bxc6 Qxc6 14. Rc1 Ne4
15. Rc2 Bf4 16. Qb1 Nxd2 17. Nxd2 Bg6 18. Nf3 Bxc2 19. Qxc2 h6 20. Ne5 Bxe5 21.
Rxe5 Qd6 22. Qc1 Rfc8 23. Qe3 Qe7 24. Qg3 Qf6 25. Rh5 Qg6 26. Qxg6 fxg6 27. Re5
Rc6 28. Kh2 Rf8 29. Kg3 Rf5 30. Rxf5 gxf5 31. Kf4 Kf7 32. f3 b5 33. a3 a5 34.
Ke3 Kg6 35. g3 h5 36. h4 Kh6 37. f4 Rb6 38. Kd3 Kg6 39. Kd2 Kf7 40. Kd3 Rb8 41.
Ke3 b4 42. cxb4 axb4 43. a4 Ke8 44. Kd3 Rc8 45. Kd2 Kd7 46. Kd3 Rf8 47. Ke3 Kd6
48. Ba1 Rc8 49. Kd2 Rc6 50. Bb2 Ke7 51. Ba1 e5 52. dxe5 Rg6 53. Bd4 Rxg3 54.
Bc5+ Ke6 55. Bxb4 Rxb3 56. Bf8 g6 57. Kc2 Rf3 58. a5 Rxf4 59. Kb3 Rxh4 60. a6
Rc4 61. a7 Rc8 62. Bc5 Ra8 63. Ka4 Kxe5 64. Ka5 h4 65. Ka6 h3 66. Bg1 Rxa7+ 67.
Kxa7 g5 68. Kb6 g4 69. Bh2+ Ke4 70. Kc5 f4 0-1

[Event "Championnat de France des Jeunes - Pupi"]
[Site "CHAMPIONNAT DE FRANCE PUPILLE"]
[Date "2010.04.17"]
[Round "8.9"]
[White "Fraval, Julie"]
[Black "Saliou, Sarah"]
[Result "1-0"]
[WhiteElo "1640"]
[BlackElo "1470"]
[PlyCount "49"]

1. e4 c5 2. Nf3 Nc6 3. d4 cxd4 4. Nxd4 g6 5. Nc3 Bg7 6. Be3 Nf6 7. Bc4 O-O 8.
Bb3 d6 9. f3 Qb6 10. Nf5 Qc7 11. Nxg7 Kxg7 12. Qd2 Kg8 13. O-O-O a5 14. g4 Rb8
15. Bh6 Rd8 16. Qf4 Ne5 17. h4 b5 18. h5 Ba6 19. Nd5 Nxd5 20. Bxd5 Rdc8 21. Rh2
Kh8 22. hxg6 fxg6 23. Bg7+ Kxg7 24. Qh6+ Kf6 25. g5# 1-0

[Event "Championnat de France des Jeunes - Pupi"]
[Site "CHAMPIONNAT DE FRANCE PUPILLE"]
[Date "2010.04.17"]
[Round "8.10"]
[White "Vernet, Solene"]
[Black "Hug, Roxana"]
[Result "1-0"]
[WhiteElo "1520"]
[BlackElo "1490"]
[PlyCount "81"]

1. e4 c6 2. d4 d5 3. exd5 cxd5 4. Nc3 Bf5 5. Nf3 e6 6. Bb5+ Nc6 7. O-O Nf6 8.
Ne5 Rc8 9. Bf4 Bd6 10. Re1 O-O 11. Bg5 Re8 12. a3 a6 13. Nxc6 bxc6 14. Bxa6 Rb8
15. Rb1 h6 16. Bh4 c5 17. dxc5 Bxc5 18. Kf1 Be7 19. Bg3 Ra8 20. Bd3 Bg4 21. f3
Bh5 22. Nb5 Rf8 23. Bc7 Qd7 24. g4 Bg6 25. Qe2 d4 26. Bxg6 fxg6 27. Qxe6+ Qxe6
28. Rxe6 Bd8 29. Bd6 Rf7 30. Nxd4 Bb6 31. Nc6 Kh7 32. Re7 Rff8 33. Rb7 Rfe8 34.
Rxb6 Nd5 35. Rb7 Rac8 36. Nb4 Nxb4 37. axb4 Rxc2 38. Re1 Rd8 39. Be5 Kh8 40.
Rxg7 Rg8 41. Rc7+ 1-0